LEADER 00963nam0-22003251i-450 001 990001740130403321 005 20191030084251.0 010 $a88-85828-01-9 035 $a000174013 035 $aFED01000174013 035 $a(Aleph)000174013FED01 035 $a000174013 100 $a20030910d1988----km-y0itay50------ba 101 0 $aita 200 1 $aInsegnamento superiore nella Comunità europea$eguida dello studente$fa cura di Brigitte Mohr, Ines Liebig 205 $a5. ed. 210 $aFirenze$cLicosa Spa$d1988 215 $a474 p.$d21 cm 610 0 $aStudenti universitari$aGuide 676 $a378.194 702 1$aLiebig,$bInes 702 1$aMohr,$bBrigitte 710 02$aCommissione europea$0333284 801 0$aIT$bUNINA$gRICA$2UNIMARC 901 $aBK 912 $a990001740130403321 952 $a60 378.194 MOHB 1988$b2134$fFAGBC 959 $aFAGBC 996 $aInsegnamento superiore nella Comunità europea$9364588 997 $aUNINA LEADER 02207nam 2200433 450 001 996577956903316 005 20231214152524.0 010 $a1-5044-5562-2 024 70$a10.1109/IEEESTD.2019.8697192 035 $a(CKB)4100000008042781 035 $a(NjHacI)994100000008042781 035 $a(EXLCZ)994100000008042781 100 $a20231214d2019 uy 0 101 0 $aeng 135 $aur||||||||||| 181 $ctxt$2rdacontent 182 $cc$2rdamedia 183 $acr$2rdacarrier 200 10$aIEEE Std 1159.3-2019 (Revision of IEEE Std 1159.3-2003) $eIEEE Recommended Practice for Power Quality Data Interchange Format (PQDIF) /$fIEEE 210 1$aNew York :$cIEEE,$d2019. 215 $a1 online resource (185 pages) 225 1 $aIEEE Std ;$v1159.3-2019 330 $aA file format suitable for exchanging power quality related measurement and simulation data in a vendor independent manner is defined in this recommended practice. The format is designed to represent all power quality phenomena identified in IEEE Std 1159-2009, IEEE Recommended Practice on Monitoring Electric Power Quality, other power related measurement data, and is extensible to other data types as well. The recommended file format utilizes a highly compressed storage scheme to help reduce disk space and transmission times. The utilization of Globally Unique Identifiers (GUID) to represent each element in the file permits the format to be extensible without the need for a central registration authority. 410 0$aIEEE Std ;$v1159.3-2019. 517 $a1159.3-2019 - IEEE Recommended Practice for Power Quality Data Interchange Format 517 $aIEEE Std 1159.3-2019 606 $aFile processing (Computer science) 606 $aInformation storage and retrieval systems 606 $aElectric power distribution 615 0$aFile processing (Computer science) 615 0$aInformation storage and retrieval systems. 615 0$aElectric power distribution. 676 $a005.741 801 0$bNjHacI 801 1$bNjHacl 906 $aDOCUMENT 912 $a996577956903316 996 $aIEEE Std 1159.3-2019 (Revision of IEEE Std 1159.3-2003)$93650233 997 $aUNISA